| 000 | 01095nam a22002657a 4500 | ||
|---|---|---|---|
| 008 | 081125t xxu||||| |||| 00| 0 eng d | ||
| 010 | _aENG-91828 | ||
| 020 |
_a9788178271866 _c700.00 |
||
| 020 |
_a8178271869 _c700.00 |
||
| 035 | _aEN-75361 | ||
| 037 | _bDBAD / PUB | ||
| 040 |
_adpl _bEnglish |
||
| 082 | _a305.562 | ||
| 245 |
_aAmbedkar, dalits and Buddhism: _cedited by Nandu Ram _b(collection of Dr. Ambedkar memorial annual lectures) / |
||
| 260 |
_aNew Delhi _bManak Publications _c2008 |
||
| 270 |
_aB-7, Saraswati Complex, Subhash Chowk, Laxmi Nagar, _bNew Delhi _e110092 |
||
| 300 |
_aix, 256p. _c23cm (Hb) |
||
| 500 | _aIncludes index | ||
| 600 |
_a Ambedkar, B.R. (Bhimrao Ramji), 1891-1956 _xPolitical and social views |
||
| 650 |
_aDalits _xGovernment policy _zIndia |
||
| 650 |
_aBuddhism & politics _zIndia |
||
| 700 | _aNandu Ram | ||
| 942 |
_2ddc _cEN _mAMB _h305.562 |
||
| 999 |
_c19119 _d19119 |
||